| 000 | 00384nam a2200145Ia 4500 | ||
|---|---|---|---|
| 008 | 220204s9999 xx 000 0 und d | ||
| 082 |
_aNR:62 _bCRA |
||
| 100 | _aCraig, Alexander S | ||
| 245 | 0 | _aRubber technology: A basic course | |
| 260 |
_aEdinburgh _bOliver & Boyd _c1963 |
||
| 650 | _aRubber products | ||
| 650 | _aRubber teechnology | ||
| 650 | _aVulcanization | ||
| 942 | _cREF | ||
| 999 |
_c19976 _d19976 |
||